[Event "NED-chT 1415"]
[Site "Netherlands"]
[Date "2015.02.07"]
[Round "5.8"]
[White "De Groote, Ewoud"]
[Black "De Wit, Michel"]
[Result "1-0"]
[WhiteElo "2330"]
[BlackElo "2266"]
[PlyCount "69"]
[EventDate "2014.09.27"]
[EventType "team-tourn"]
[EventRounds "9"]
[EventCountry "NED"]
[SourceTitle "EXT 2016"]
[Source "ChessBase"]
[SourceDate "2015.10.08"]
[SourceVersion "1"]
[SourceVersionDate "2015.10.08"]
[SourceQuality "1"]
[WhiteTeam "BSG"]
[BlackTeam "Charlois Europoort"]
[WhiteTeamCountry "NED"]
[BlackTeamCountry "NED"]

1. e4 e5 2. Nf3 Nc6 3. Bb5 a6 4. Ba4 Nge7 5. 0-0 g6 6. c3 Bg7 7. d4 b5 8. Bc2 d6 9. d5 Nb8 10. a4 bxa4 11. Bxa4+ Nd7 12. b4 0-0 13. c4 f5 14. Nc3 fxe4 15. Ng5 Nf6 16. Ngxe4 Rb8 17. Ba3 Nxe4 18. Nxe4 Kh8 19. Rc1 Rf4 20. Re1 Rh4 21. g3 Rh3 22. Ng5 Qf8 23. Nxh3 Bxh3 24. Bc2 Nf5 25. Be4 Nd4 26. Rc3 Qf7 27. g4 Rf8 28. Rxh3 Qxf2+ 29. Kh1 Rf4 30. Bc1 Rxg4 31. Be3 Qxe1+ 32. Qxe1 Rxe4 33. Qg3 Kg8 34. Qg2 Rxe3 35. Rxe3 1-0

[Event "NED-chT 1415"]
[Site "Netherlands"]
[Date "2014.11.22"]
[Round "3.10"]
[White "De Groote, Ewoud"]
[Black "Bosboom, Manuel"]
[Result "1-0"]
[WhiteElo "2330"]
[BlackElo "2424"]
[PlyCount "123"]
[EventDate "2014.09.27"]
[EventType "team-tourn"]
[EventRounds "9"]
[EventCountry "NED"]
[SourceTitle "EXT 2016"]
[Source "ChessBase"]
[SourceDate "2015.10.08"]
[SourceVersion "1"]
[SourceVersionDate "2015.10.08"]
[SourceQuality "1"]
[WhiteTeam "BSG"]
[BlackTeam "En Passant"]
[WhiteTeamCountry "NED"]
[BlackTeamCountry "NED"]

1. e4 c5 2. Nf3 d6 3. d4 cxd4 4. Nxd4 Nf6 5. Nc3 a6 6. Be3 h5 7. Qd2 e6 8. Bd3 Bd7 9. f4 Nc6 10. Nf3 b5 11. 0-0-0 Qc7 12. Rhe1 b4 13. Ne2 Be7 14. Kb1 Qb7 15. Ned4 a5 16. Bg1 a4 17. h3 h4 18. Bf2 Nxd4 19. Bxd4 b3 20. cxb3 axb3 21. a3 Ra4 22. e5 dxe5 23. Bxe5 0-0 24. Ng5 Rd8 25. Qe2 Be8 26. f5 exf5 27. Bxf5 Rxd1+ 28. Rxd1 Bb5 29. Qe1 Ra8 30. Qe3 Qxg2 31. Nxf7 Qe2 32. Qxe2 Bxe2 33. Re1 Bc4 34. Nd6 Bd5 35. Nb5 Bc4 36. Bc3 Rd8 37. Nd4 Kf7 38. Rxe7+ Kxe7 39. Nc6+ Ke8 40. Nxd8 Kxd8 41. Be1 Nd5 42. Bxh4+ Ke8 43. Kc1 Kf7 44. Kd2 Bf1 45. Bg5 g6 46. Be4 Nb6 47. h4 Bh3 48. Bc6 Ke6 49. Kc3 Kd6 50. Bb5 Be6 51. a4 Nd7 52. Kb4 Nb6 53. a5 Nd5+ 54. Kxb3 Kc5 55. Ka4 Bg4 56. Bd3 Bd7+ 57. Ka3 Bf5 58. b4+ Kd6 59. Bxf5 gxf5 60. h5 f4 61. h6 f3 62. Bh4 1-0